[Event "Kieler Open 2016-A"]
[Site "Kiel"]
[Date "2016.08.02"]
[Round "6.6"]
[White "Wichmann, Cliff"]
[Black "Kaulich, Philipp Theodor"]
[Result "1/2-1/2"]
[WhiteElo "2314"]
[BlackElo "2148"]
[PlyCount "86"]

1. e4 g6 2. d4 Bg7 3. Nf3 d6 4. Bc4 e6 5. Bb3 Nd7 6. O-O Ne7 7. c4 b6 8. Nc3 a6
9. Be3 h6 10. Bc2 O-O 11. Ne1 f5 12. Nd3 e5 13. dxe5 dxe5 14. f4 fxe4 15. Nxe5
Nxe5 16. fxe5 Qxd1 17. Raxd1 Bg4 18. Bxe4 Bxd1 19. Bxa8 Rxa8 20. Rxd1 Nf5 21.
Bf2 Bxe5 22. g4 Ng7 23. Nd5 h5 24. Bd4 Bd6 25. Nf6+ Kf7 26. gxh5 Nxh5 27. Nxh5
gxh5 28. Bxb6 Rg8+ 29. Kh1 Ke6 30. Bf2 Be5 31. b4 Rg4 32. Rc1 Kf5 33. b5 axb5
34. cxb5 Ra4 35. Rc2 Rb4 36. Rc5 Ke4 37. Bg3 Bxg3 38. hxg3 Kf3 39. Rg5 h4 40.
Kh2 hxg3+ 41. Rxg3+ Kf4 42. Rc3 Rxb5 43. Rxc7 Rb2+ 1/2-1/2

[Event "Kieler Open 2016-A"]
[Site "Kiel"]
[Date "2016.08.02"]
[Round "6.7"]
[White "Gottuk, Stefan"]
[Black "Bharadwaj, Dhanush"]
[Result "0-1"]
[WhiteElo "2203"]
[BlackElo "2296"]
[PlyCount "106"]

1. e4 c5 2. c3 d5 3. exd5 Qxd5 4. d4 Nf6 5. Nf3 e6 6. Na3 a6 7. Nc4 Nbd7 8. a4
cxd4 9. Qxd4 Bc5 10. Qxd5 Nxd5 11. a5 N7f6 12. Be2 Bd7 13. Nce5 h6 14. Nxd7
Nxd7 15. O-O Ke7 16. Bd2 N7f6 17. c4 Nc7 18. b4 Ba7 19. Bc3 Rac8 20. Nd2 Rhd8
21. Rac1 Nce8 22. Bf3 Rc7 23. Bxf6+ Nxf6 24. Rc2 Rd4 25. Rfc1 Nd7 26. Nb3 Rd3
27. Rb1 Ne5 28. Be2 Rd8 29. Rbc1 Nd3 30. Bxd3 Rxd3 31. Rc3 Rcd7 32. Kf1 Rxc3
33. Rxc3 Rd1+ 34. Ke2 Rb1 35. c5 Rb2+ 36. Ke3 Bb8 37. g3 Be5 38. Rd3 f5 39. f4
Bb8 40. h4 g5 41. hxg5 hxg5 42. fxg5 Bxg3 43. Kd4 f4 44. c6 bxc6 45. Kc3 Rb1
46. Kc2 Rf1 47. Nd4 Kf7 48. g6+ Kxg6 49. Nxe6 Kf5 50. Nd4+ Kg4 51. Nxc6 f3 52.
Ne7 f2 53. Nd5 Re1 0-1

[Event "Kieler Open 2016-A"]
[Site "Kiel"]
[Date "2016.08.02"]
[Round "6.8"]
[White "Beeck, Mats"]
[Black "Junge, Ralph"]
[Result "0-1"]
[WhiteElo "2196"]
[BlackElo "2277"]
[PlyCount "56"]

1. e4 e6 2. d4 d5 3. Nd2 Be7 4. c3 c5 5. Ngf3 Nf6 6. Bd3 Nc6 7. O-O dxe4 8.
Nxe4 cxd4 9. cxd4 O-O 10. Nc3 Nb4 11. Bb1 b6 12. a3 Nbd5 13. Qd3 a5 14. Nxd5
Qxd5 15. Ba2 Qh5 16. Re1 Ba6 17. Qb3 Rfc8 18. Qxb6 a4 19. Ne5 Bd8 20. Qb4 Ng4
21. h3 Nxf2 22. Kxf2 Rc2+ 23. Kg1 Ba5 24. Qxa4 Rxg2+ 25. Kxg2 Bb7+ 26. Kh2 Bxe1
27. Qc2 Rc8 28. Bc4 Qh4 0-1

[Event "Kieler Open 2016-A"]
[Site "Kiel"]
[Date "2016.08.02"]
[Round "6.9"]
[White "Plüg, Andreas"]
[Black "Böhm, Thomas"]
[Result "1/2-1/2"]
[WhiteElo "2271"]
[BlackElo "2148"]
[PlyCount "43"]

1. d4 e6 2. c4 d5 3. Nc3 c6 4. e3 Bd6 5. Nf3 f5 6. Bd3 Nf6 7. O-O O-O 8. b3 Ne4
9. Bb2 Nd7 10. Qc2 Qe8 11. Ne2 Rf6 12. Ne5 Rh6 13. Bxe4 Qh5 14. h3 fxe4 15. Nf4
Qg5 16. Ng4 Rh4 17. c5 Bb8 18. f3 e5 19. g3 Rxg4 20. hxg4 exf4 21. exf4 Qh6 22.
fxe4 1/2-1/2

[Event "Kieler Open 2016-A"]
[Site "Kiel"]
[Date "2016.08.02"]
[Round "6.10"]
[White "Deutschbein, Christopher"]
[Black "Krause, Jonah"]
[Result "0-1"]
[WhiteElo "2006"]
[BlackElo "2268"]
[PlyCount "70"]

1. e4 c6 2. d4 d5 3. Nc3 dxe4 4. Nxe4 Bf5 5. Ng3 Bg6 6. h4 h6 7. Nf3 Nd7 8. h5
Bh7 9. Bd3 Bxd3 10. Qxd3 e6 11. Bd2 Ngf6 12. O-O-O Be7 13. Kb1 Qb6 14. Ne4 Rd8
15. c3 c5 16. dxc5 Nxc5 17. Nxf6+ Bxf6 18. Qc2 O-O 19. Be3 Qc7 20. g4 Rxd1+ 21.
Rxd1 Rd8 22. Rg1 Nd3 23. g5 hxg5 24. Nxg5 Qh2 25. Rd1 Qg2 26. f4 Qd5 27. Bd4
Bxg5 28. fxg5 Nf4 29. h6 e5 30. Rf1 exd4 31. Rxf4 d3 32. Qd1 Qxg5 33. h7+ Kh8
34. Rd4 Rxd4 35. cxd4 Qe3 0-1

[Event "Kieler Open 2016-A"]
[Site "Kiel"]
[Date "2016.08.02"]
[Round "6.11"]
[White "Pluska, Alexander"]
[Black "Parvanyan, Ashot"]
[Result "1/2-1/2"]
[WhiteElo "2116"]
[BlackElo "2240"]
[PlyCount "61"]

1. c4 Nf6 2. Nc3 g6 3. Nf3 Bg7 4. d4 O-O 5. e4 d6 6. Be2 e5 7. O-O Nc6 8. d5
Ne7 9. b4 a5 10. Ba3 axb4 11. Bxb4 b6 12. a4 Re8 13. a5 c5 14. dxc6 Nxc6 15.
Bxd6 Rxa5 16. Rxa5 Nxa5 17. Bxe5 Qxd1 18. Rxd1 Nxe4 19. Nxe4 Bxe5 20. Nxe5 Rxe5
21. Rd8+ Kg7 22. Rxc8 Rxe4 23. Bf1 Nb3 24. Rd8 Kf6 25. g3 Re6 26. f4 Ke7 27.
Rd1 Rd6 28. Re1+ Re6 29. Rd1 Rd6 30. Re1+ Re6 31. Rd1 1/2-1/2

[Event "Kieler Open 2016-A"]
[Site "Kiel"]
[Date "2016.08.02"]
[Round "6.12"]
[White "Thorgeirsson, Sverrir"]
[Black "Busse, Tom Niklas"]
[Result "1-0"]
[WhiteElo "2282"]
[BlackElo "1997"]
[PlyCount "77"]

1. d4 d5 2. Nf3 Nf6 3. c4 c6 4. e3 e6 5. Nbd2 Nbd7 6. Bd3 Bd6 7. O-O O-O 8. b3
e5 9. cxd5 cxd5 10. dxe5 Nxe5 11. Be2 Ne4 12. Bb2 Re8 13. Nxe5 Bxe5 14. Bxe5
Rxe5 15. Nxe4 Rxe4 16. Bf3 Re7 17. Qxd5 Be6 18. Qxd8+ Rxd8 19. Rfd1 Red7 20.
Kf1 Kf8 21. Ke2 Rxd1 22. Rxd1 Rxd1 23. Kxd1 b5 24. Kd2 b4 25. Kd3 Ke7 26. Kd4
Kd6 27. e4 f6 28. Be2 g5 29. f3 h5 30. Bc4 Bd7 31. g3 Be8 32. h4 a5 33. f4 gxf4
34. gxf4 Bg6 35. Bd5 Be8 36. e5+ fxe5+ 37. fxe5+ Kc7 38. Kc5 Bd7 39. Bf7 1-0

[Event "Kieler Open 2016-A"]
[Site "Kiel"]
[Date "2016.08.02"]
[Round "6.13"]
[White "Bente, Björn"]
[Black "Christensen, Andreas"]
[Result "1-0"]
[WhiteElo "2228"]
[BlackElo "1773"]
[PlyCount "71"]

1. e4 d6 2. d4 g6 3. Nf3 Bg7 4. Bc4 Nf6 5. Qe2 O-O 6. O-O Ne8 7. h3 c6 8. Bb3
b6 9. Rd1 Ba6 10. Qe1 Qc7 11. c3 Nd7 12. Bg5 Nef6 13. e5 dxe5 14. dxe5 Nd5 15.
c4 Nxe5 16. Nxe5 Bxe5 17. cxd5 cxd5 18. Nc3 e6 19. Rac1 Qb8 20. Ba4 Rc8 21. Bd7
Rc5 22. Be7 Rc4 23. b3 Bxc3 24. Rxc3 Re4 25. Re3 Bb7 26. Rxe4 dxe4 27. Bf6 Qf4
28. Qc3 Bd5 29. Rc1 h5 30. h4 e3 31. fxe3 Qe4 32. Qd2 g5 33. Bxg5 Kh7 34. Qc2
Rg8 35. Qxe4+ Bxe4 36. Bc6 1-0

[Event "Kieler Open 2016-A"]
[Site "Kiel"]
[Date "2016.08.02"]
[Round "6.14"]
[White "Johansson, Thomas"]
[Black "Wunder, Niklas"]
[Result "1/2-1/2"]
[WhiteElo "2222"]
[BlackElo "2089"]
[PlyCount "166"]

1. Nf3 Nf6 2. c4 c6 3. d4 d5 4. e3 a6 5. Qc2 Bg4 6. Ne5 Bh5 7. cxd5 cxd5 8. Qb3
Qc7 9. Nc3 e6 10. Bd2 Nbd7 11. Rc1 Rc8 12. Ne2 Qb8 13. Rxc8+ Qxc8 14. Nf4 Bg6
15. Nexg6 hxg6 16. Bd3 Bd6 17. g3 Ng4 18. e4 g5 19. Nxe6 fxe6 20. e5 Ndxe5 21.
dxe5 Nxe5 22. Be2 g4 23. Bxg4 Nxg4 24. Qa4+ Qd7 25. Qxg4 O-O 26. O-O Bc5 27.
Kg2 Qf7 28. Bc3 Qd7 29. Be5 d4 30. Qe4 d3 31. f4 Rd8 32. Bc3 Bd4 33. Bxd4 Qxd4
34. Qxd4 Rxd4 35. b3 a5 36. Kf3 d2 37. Rd1 a4 38. Ke3 Rb4 39. bxa4 Rxa4 40.
Rxd2 b5 41. Kd3 Kf7 42. Kc3 Ke7 43. Kb3 Re4 44. Rc2 Kd6 45. Rc8 Re3+ 46. Rc3
Re2 47. Rc2 Re4 48. a3 g6 49. Rc8 Re2 50. Rg8 Rxh2 51. Rxg6 Rf2 52. Rg5 Kc6 53.
Re5 Rf3+ 54. Kb4 Rxg3 55. Rxe6+ Kd7 56. f5 Rf3 57. Re5 Kc6 58. Rc5+ Kb6 59.
Rxb5+ Kc6 60. a4 Rf4+ 61. Ka5 Kc7 62. Re5 Kd6 63. Re6+ Kd7 64. Rf6 Ke7 65. Rc6
Rxf5+ 66. Kb6 Kd7 67. Rh6 Rf1 68. Rh5 Ra1 69. a5 Kc8 70. Rh8+ Kd7 71. Rb8 Rb1+
72. Ka7 Ra1 73. Rb5 Kc6 74. Rh5 Rb1 75. Rh7 Ra1 76. a6 Rb1 77. Rb7 Ra1 78. Rb6+
Kc7 79. Rb7+ Kc8 80. Rb2 Rc1 81. Kb6 Kb8 82. a7+ Ka8 83. Rh2 Rc8 1/2-1/2

[Event "Kieler Open 2016-A"]
[Site "Kiel"]
[Date "2016.08.02"]
[Round "6.15"]
[White "Rieper, Julian"]
[Black "Grote, Dirk"]
[Result "1/2-1/2"]
[WhiteElo "1999"]
[BlackElo "2139"]
[PlyCount "52"]

1. e4 c6 2. d4 d5 3. exd5 cxd5 4. c4 Nf6 5. Nc3 g6 6. Nf3 Bg7 7. Bd3 dxc4 8.
Bxc4 O-O 9. O-O Bg4 10. Be3 Nc6 11. h3 Bxf3 12. Qxf3 Nxd4 13. Qxb7 Nc2 14. Rad1
Qc8 15. Qb3 Nxe3 16. fxe3 Rb8 17. Qa4 Qc5 18. Rd4 e5 19. Ne4 Nxe4 20. Rxe4 Bh6
21. b4 Bxe3+ 22. Kh1 Qc7 23. Rxe3 Qxc4 24. Rfe1 Rxb4 25. Qxa7 Ra4 26. Qe7 Rxa2
1/2-1/2

[Event "Kieler Open 2016-A"]
[Site "Kiel"]
[Date "2016.08.02"]
[Round "6.16"]
[White "Berger, Joachim"]
[Black "Saglam, Bülent"]
[Result "0-1"]
[WhiteElo "2022"]
[BlackElo "2100"]
[PlyCount "83"]

1. d4 d5 2. Nf3 Nf6 3. e3 Bf5 4. c4 e6 5. Qb3 Nc6 6. Qxb7 Nb4 7. Na3 Rb8 8.
Qxa7 Ra8 9. Qb7 Rxa3 10. bxa3 Nc2+ 11. Kd1 Nxa1 12. cxd5 Bc2+ 13. Ke1 Be4 14.
Bb5+ Nd7 15. Ne5 Bxd5 16. Nc6 Nc2+ 17. Kd1 Nxa3 18. Bxa3 Bxc6 19. Qxc6 Bxa3 20.
d5 Ke7 21. Qc3 Qa8 22. Ke2 Rb8 23. Bc6 Qa6+ 24. Kf3 Bb2 25. Qc2 Ne5+ 26. Kg3
Nxc6 27. dxc6 Be5+ 28. Kh3 Bd6 29. g3 Rb5 30. Qe4 Rh5+ 31. Kg2 Qxa2 32. Qg4 Rf5
33. Rf1 Qd5+ 34. e4 Qxc6 35. Qxg7 Qxe4+ 36. Kg1 Be5 37. Qxh7 Bd4 38. Qh4+ Qxh4
39. gxh4 Rxf2 40. Rxf2 Kf8 41. Kf1 Bxf2 42. Kxf2 0-1

[Event "Kieler Open 2016-A"]
[Site "Kiel"]
[Date "2016.08.02"]
[Round "6.17"]
[White "Uksini, Bardhyl"]
[Black "Schoonackers, Jeroen"]
[Result "1-0"]
[WhiteElo "2259"]
[BlackElo "2055"]
[PlyCount "69"]

1. Nf3 d5 2. b3 Nf6 3. Bb2 e6 4. e3 Be7 5. c4 O-O 6. d4 b6 7. Nbd2 Bb7 8. Bd3
Nbd7 9. O-O c5 10. Qe2 Ne4 11. Rfd1 Ndf6 12. Rac1 Rc8 13. dxc5 Nxc5 14. Bb1 Rc7
15. a3 Ncd7 16. cxd5 Bxd5 17. Nc4 Qc8 18. Nfd2 b5 19. Na5 a6 20. b4 Qb8 21.
Rxc7 Qxc7 22. Rc1 Qb8 23. Qd3 Ne5 24. Qc2 g6 25. Qc7 Bd6 26. Qxb8 Rxb8 27. e4
Ba8 28. f4 Nc4 29. Naxc4 Bxf4 30. Rf1 Nh5 31. g4 bxc4 32. Nxc4 Rc8 33. gxh5
Bxh2+ 34. Kxh2 Rxc4 35. Rd1 1-0

[Event "Kieler Open 2016-A"]
[Site "Kiel"]
[Date "2016.08.02"]
[Round "6.18"]
[White "Voelzke, Ferdinand"]
[Black "Benzen, Marthe"]
[Result "1-0"]
[WhiteElo "2159"]
[BlackElo "2043"]
[PlyCount "35"]

1. Nf3 c5 2. g3 Nc6 3. d4 cxd4 4. Nxd4 Nf6 5. Bg2 e5 6. Nxc6 bxc6 7. O-O d5 8.
c4 Be7 9. Nc3 Be6 10. cxd5 cxd5 11. Qa4+ Bd7 12. Qd1 Bc6 13. Bg5 e4 14. Rc1 Rc8
15. Be3 Qa5 16. Qd4 Rc7 17. Bf4 Bc5 18. Bxc7 1-0

[Event "Kieler Open 2016-A"]
[Site "Kiel"]
[Date "2016.08.02"]
[Round "6.19"]
[White "Petri, Alexander"]
[Black "Quiring, Nikolai"]
[Result "1/2-1/2"]
[WhiteElo "2139"]
[BlackElo "2026"]
[PlyCount "22"]

1. d4 e6 2. Nf3 b6 3. g3 Bb7 4. Bg2 f5 5. O-O Nf6 6. c4 Bd6 7. Nc3 O-O 8. Ne1
Bxg2 9. Nxg2 Nc6 10. Bf4 Bxf4 11. Nxf4 Ne7 1/2-1/2

[Event "Kieler Open 2016-A"]
[Site "Kiel"]
[Date "2016.08.02"]
[Round "6.20"]
[White "Wanner, Lukas"]
[Black "Horn, Peter"]
[Result "0-1"]
[WhiteElo "2001"]
[BlackElo "2121"]
[PlyCount "82"]

1. c4 Nf6 2. g3 c6 3. Nf3 d5 4. b3 dxc4 5. bxc4 e5 6. Bb2 e4 7. Nd4 Bd6 8. Nb3
O-O 9. Bg2 Re8 10. O-O Bf5 11. d4 Nbd7 12. Nc3 Qe7 13. a4 Rad8 14. Rc1 h5 15.
e3 h4 16. c5 Bc7 17. Qc2 Qe6 18. Nd2 b6 19. cxb6 axb6 20. Ne2 c5 21. dxc5 bxc5
22. Nc4 Bh3 23. Nf4 Bxf4 24. exf4 Bxg2 25. Kxg2 h3+ 26. Kg1 Nd5 27. f3 exf3 28.
Rxf3 N7f6 29. Ne5 Rc8 30. Qc4 Red8 31. f5 Qe7 32. g4 Nh7 33. Rxh3 Ng5 34. Rg3
f6 35. Ng6 Qe4 36. Qxe4 Nxe4 37. Rd3 Nb4 38. Re3 Re8 39. Rd1 c4 40. Rd7 Nc5 41.
Rh3 Nxd7 0-1

[Event "Kieler Open 2016-A"]
[Site "Kiel"]
[Date "2016.08.02"]
[Round "6.21"]
[White "Haffner, Alexander"]
[Black "Dittrich, Gunnar"]
[Result "1/2-1/2"]
[WhiteElo "2118"]
[BlackElo "1950"]
[PlyCount "86"]

1. d4 d5 2. c4 e6 3. Nc3 Nf6 4. cxd5 exd5 5. Bg5 Be7 6. e3 O-O 7. Bd3 h6 8. Bh4
b6 9. Nf3 Bb7 10. O-O Nbd7 11. Ne5 Ne4 12. Bxe7 Qxe7 13. Nxd7 Qxd7 14. Rc1 Rac8
15. Qe2 c5 16. dxc5 Nxc3 17. Rxc3 Rxc5 18. Qd2 Rfc8 19. Rfc1 Qg4 20. h3 Qg5 21.
Bf1 Qf6 22. Qd4 Qxd4 23. exd4 Rxc3 24. Rxc3 Rxc3 25. bxc3 Kf8 26. f4 Ke7 27.
Kf2 f5 28. Ke3 a6 29. Bd3 Bc8 30. a3 b5 31. Be2 g6 32. h4 h5 33. Kd2 Kd6 34.
Kc2 Kc6 35. Kb3 Kb6 36. Bf3 Bb7 37. a4 Bc6 38. axb5 axb5 39. Kb4 Bb7 40. Be2
Bc6 41. Bf1 Bd7 42. g3 Bc6 43. Be2 Bd7 1/2-1/2

[Event "Kieler Open 2016-A"]
[Site "Kiel"]
[Date "2016.08.02"]
[Round "6.22"]
[White "Ijzermans, Gijs"]
[Black "Arndt, Magnus"]
[Result "1-0"]
[WhiteElo "2106"]
[BlackElo "1870"]
[PlyCount "93"]

1. d4 Nf6 2. Nf3 e6 3. g3 b6 4. Bg2 Bb7 5. O-O Be7 6. c4 O-O 7. Nc3 d5 8. Ne5
Nbd7 9. Qa4 Nxe5 10. dxe5 Ne4 11. cxd5 Nxc3 12. bxc3 exd5 13. c4 c6 14. cxd5
cxd5 15. Rd1 Qc7 16. Bf4 Rad8 17. Rac1 Bc5 18. Bg5 Rde8 19. Bxd5 Qxe5 20. Bf4
Qe7 21. Rxc5 bxc5 22. Bd6 Qf6 23. Bxb7 Rxe2 24. Bxc5 Rfe8 25. Qxa7 h5 26. Qa4
h4 27. Qxh4 Qxh4 28. gxh4 Rxa2 29. Rd7 Ra5 30. Be3 Rae5 31. Bg5 f6 32. Bf4 R5e7
33. Bd5+ Kh7 34. Rd6 Ra7 35. Bc4 Kh8 36. Rd5 g6 37. Bg3 Kg7 38. Kg2 Re4 39. Bd3
Ree7 40. h5 g5 41. Bf5 Ra6 42. h4 Kh6 43. Rd8 Kg7 44. Bd6 Re2 45. Bf8+ Kh8 46.
Bh6+ Re8 47. Rxe8# 1-0

[Event "Kieler Open 2016-A"]
[Site "Kiel"]
[Date "2016.08.02"]
[Round "6.23"]
[White "Ghadimi, Mohammed Reza"]
[Black "Rudolph, Jens-Erik"]
[Result "1-0"]
[WhiteElo "2098"]
[BlackElo "1939"]
[PlyCount "63"]

1. e4 d6 2. d4 Nf6 3. Nc3 Nbd7 4. g3 e5 5. Nge2 c6 6. Bg2 Qc7 7. a4 Be7 8. O-O
h5 9. Bg5 Nf8 10. h3 N6h7 11. Bxe7 Qxe7 12. f4 exf4 13. Nxf4 Ne6 14. a5 Nhg5
15. Nxh5 Nxh3+ 16. Bxh3 Qg5 17. Rf5 Qe3+ 18. Rf2 Qg5 19. Bg4 Rxh5 20. Bxh5 Nf4
21. Bg4 Bxg4 22. gxf4 Qh5 23. Qd3 O-O-O 24. Rh2 Qg6 25. Qg3 f5 26. a6 Qf6 27.
axb7+ Kb8 28. e5 dxe5 29. dxe5 Qe7 30. Qe3 Qxb7 31. Ra3 Kc8 32. Qxa7 1-0

[Event "Kieler Open 2016-A"]
[Site "Kiel"]
[Date "2016.08.02"]
[Round "6.24"]
[White "De Vries, Joel"]
[Black "Werner, René"]
[Result "1-0"]
[WhiteElo "2086"]
[BlackElo "1885"]
[PlyCount "73"]

1. e4 c5 2. Nf3 d6 3. Bb5+ Bd7 4. Bxd7+ Nxd7 5. c4 Ngf6 6. Nc3 g6 7. O-O Bg7 8.
d4 cxd4 9. Nxd4 O-O 10. Be3 Rc8 11. b3 Nc5 12. f3 Re8 13. Rc1 Nfd7 14. Qe2 Qa5
15. Rfd1 Ne5 16. Nd5 Ne6 17. Nxe6 fxe6 18. Nf4 Kf7 19. Nh3 Bf6 20. f4 Nc6 21.
Rf1 Kg7 22. Rcd1 Rf8 23. c5 Qb4 24. cxd6 exd6 25. Qd3 Rcd8 26. Rc1 Qa5 27. Rf2
d5 28. Bc5 Rfe8 29. e5 Be7 30. Bxe7 Rxe7 31. Ng5 h6 32. Nf3 Qb4 33. Nh4 Qe4 34.
Qg3 Nd4 35. f5 Nxf5 36. Qxg6+ Kf8 37. Nxf5 1-0

[Event "Kieler Open 2016-A"]
[Site "Kiel"]
[Date "2016.08.02"]
[Round "6.25"]
[White "Rosenburg, Thies"]
[Black "Schagen, Walt"]
[Result "0-1"]
[WhiteElo "1728"]
[BlackElo "2082"]
[PlyCount "150"]

1. c4 Nf6 2. Nf3 e6 3. g3 d5 4. Bg2 Be7 5. O-O O-O 6. d4 dxc4 7. Qc2 a6 8. a4
Qd5 9. Nbd2 Nc6 10. Qxc4 Rd8 11. Qxd5 exd5 12. Nb3 Bf5 13. Bf4 Rac8 14. Rac1
Ne4 15. Rfd1 h6 16. Ne1 g5 17. Be3 Nb4 18. Nd3 Nxd3 19. exd3 Nf6 20. Na5 b6 21.
Nc6 Rd7 22. Nxe7+ Rxe7 23. Rc3 Bd7 24. b3 c6 25. Rdc1 a5 26. h3 Rce8 27. g4 Kg7
28. b4 Ra8 29. Rb1 b5 30. Ra3 axb4 31. Rxb4 Ne8 32. Bf3 Nd6 33. Bd2 f5 34. a5
Ra6 35. Rb1 Nb7 36. Bb4 Re8 37. Kg2 Kf6 38. Raa1 Nd8 39. Re1 Ne6 40. Kg3 f4+
41. Kg2 Kg6 42. Bc3 Kf7 43. Re5 Nc7 44. Rae1 Raa8 45. Bb4 Rxe5 46. dxe5 Na6 47.
Bd6 Ke6 48. d4 Be8 49. Rc1 Kd7 50. Be2 Bg6 51. h4 Rg8 52. Rh1 Nc7 53. hxg5 hxg5
54. Bc5 Kc8 55. Rh6 Kb7 56. Be7 Ne6 57. Bd3 Bxd3 58. Rxe6 Re8 59. a6+ Ka8 60.
Rxc6 Rxe7 61. Rd6 b4 62. Rb6 Ka7 63. Rxb4 Kxa6 64. Rb8 Rg7 65. Kf3 Ka5 66. e6
Re7 67. Rg8 Be4+ 68. Ke2 Rxe6 69. Rxg5 Kb4 70. f3 Bg6+ 71. Kd2 Kc4 72. Re5 Ra6
73. Re7 Kxd4 74. g5 Ra2+ 75. Kc1 Ra3 0-1

[Event "Kieler Open 2016-A"]
[Site "Kiel"]
[Date "2016.08.02"]
[Round "6.26"]
[White "Möller, Dustin"]
[Black "Apitzsch, Leon Fabian"]
[Result "1-0"]
[WhiteElo "1985"]
[BlackElo "1841"]
[PlyCount "113"]

1. d4 d5 2. c4 c6 3. cxd5 cxd5 4. Nc3 Nf6 5. Bf4 e6 6. e3 Bd6 7. Bxd6 Qxd6 8.
Bd3 O-O 9. f4 b6 10. Nf3 Ba6 11. O-O Bxd3 12. Qxd3 Nc6 13. Rac1 Rfc8 14. Ne5
Nb4 15. Qb1 a6 16. g4 Nd7 17. Rf3 f6 18. Rh3 Nf8 19. Nf3 g6 20. Rg3 Nc6 21. h4
e5 22. dxe5 fxe5 23. Rd1 Qc5 24. Nxe5 Nxe5 25. Rxd5 Qe7 26. Rxe5 Qxh4 27. Kg2
Rd8 28. Ne4 Nd7 29. Rg5 Qh6 30. b4 Qg7 31. Qb3+ Qf7 32. Qxf7+ Kxf7 33. Rh3 Kg7
34. Rd5 Nf8 35. Rxd8 Rxd8 36. Kf3 Rd5 37. Rh2 a5 38. bxa5 Rxa5 39. Rb2 Ra6 40.
Rd2 Ra7 41. Nc3 Ra3 42. Nd5 Ra6 43. Rb2 Nd7 44. e4 Ra3+ 45. Rb3 Rxa2 46. Nxb6
Nxb6 47. Rxb6 Ra3+ 48. Ke2 Ra2+ 49. Kd3 Ra3+ 50. Kd4 Ra4+ 51. Kd5 Ra5+ 52. Ke6
Ra4 53. Rb7+ Kh6 54. Ke5 Ra5+ 55. Kf6 g5 56. fxg5+ Rxg5 57. Rxh7+ 1-0

[Event "Kieler Open 2016-A"]
[Site "Kiel"]
[Date "2016.08.02"]
[Round "6.27"]
[White "Nonnenmacher, Thomas"]
[Black "Tobianski, Fabian"]
[Result "1-0"]
[WhiteElo "2146"]
[BlackElo "1920"]
[PlyCount "61"]

1. c4 e5 2. g3 Nc6 3. Bg2 Bc5 4. Nc3 a6 5. e3 Ba7 6. Nge2 d6 7. d4 exd4 8. exd4
Nge7 9. O-O Nf5 10. Be3 O-O 11. Nd5 Re8 12. Qd3 Nce7 13. Bg5 h6 14. Bxe7 Nxe7
15. Ne3 Nf5 16. Rae1 g6 17. Be4 Nxe3 18. fxe3 Qe7 19. Nc3 c6 20. Bxg6 Rf8 21.
Bf5 Bxf5 22. Rxf5 Rae8 23. Re2 b5 24. b3 b4 25. Nd1 Qe6 26. Ref2 f6 27. Qf1 Kg7
28. Qh3 Qe4 29. R2f4 Qb1 30. Qh5 Re4 31. Qg4+ 1-0

[Event "Kieler Open 2016-A"]
[Site "Kiel"]
[Date "2016.08.02"]
[Round "6.28"]
[White "Mock, Markus"]
[Black "Keyser, Philipp"]
[Result "0-1"]
[WhiteElo "2002"]
[BlackElo "1865"]
[PlyCount "44"]

1. e4 c5 2. Nc3 a6 3. d3 b5 4. Be3 e6 5. g3 Bb7 6. Bg2 Nf6 7. f4 d5 8. e5 Nfd7
9. d4 cxd4 10. Bxd4 Nc6 11. Bf2 Bc5 12. Bxc5 Nxc5 13. Qg4 g6 14. Nf3 Qb6 15.
Nd2 Nb4 16. O-O-O d4 17. Nce4 Qc7 18. c3 dxc3 19. bxc3 Nxe4 20. Nxe4 Bxe4 21.
Bxe4 Qxc3+ 22. Kb1 Qc4 0-1

[Event "Kieler Open 2016-A"]
[Site "Kiel"]
[Date "2016.08.02"]
[Round "6.29"]
[White "Van den Boogaart, Jan Marten"]
[Black "Untiedt, Urs Arved"]
[Result "1-0"]
[WhiteElo "1988"]
[BlackElo "1636"]
[PlyCount "63"]

1. e4 c5 2. Nf3 d6 3. d4 cxd4 4. Nxd4 Nf6 5. Nc3 a6 6. Be3 e6 7. f3 Be7 8. Qd2
b5 9. O-O-O O-O 10. Kb1 Bb7 11. g4 Nbd7 12. a3 Ne5 13. h4 Rc8 14. h5 Nxf3 15.
Nxf3 Nxe4 16. Nxe4 Bxe4 17. Be2 Rxc2 18. Qxc2 Bxc2+ 19. Kxc2 Qa5 20. Nd4 Rc8+
21. Kb1 d5 22. Rc1 Rxc1+ 23. Rxc1 Bf8 24. Rc8 h6 25. Nc2 e5 26. b4 Qa4 27. Kb2
d4 28. Bf3 d3 29. Bd5 Qxc2+ 30. Rxc2 dxc2 31. Bb7 a5 32. bxa5 1-0

[Event "Kieler Open 2016-A"]
[Site "Kiel"]
[Date "2016.08.02"]
[Round "6.30"]
[White "Schmidt, Peter"]
[Black "Papesch, Dennis"]
[Result "1/2-1/2"]
[WhiteElo "1971"]
[BlackElo "1852"]
[PlyCount "83"]

1. e4 c6 2. d4 d5 3. e5 Bf5 4. Nf3 e6 5. Be2 Ne7 6. O-O Bg6 7. Be3 Nf5 8. Nbd2
Nd7 9. c4 dxc4 10. Nxc4 Nb6 11. Nxb6 Qxb6 12. g4 Nxe3 13. fxe3 Rd8 14. Bd3 Be7
15. a3 Bxd3 16. Qxd3 c5 17. Qe4 cxd4 18. exd4 O-O 19. Rfc1 f6 20. exf6 Bxf6 21.
Rc4 Rd5 22. Rb4 Qd6 23. Re1 Re8 24. Kg2 b6 25. Rc4 b5 26. Rc2 Bxd4 27. Rd2 e5
28. Rxd4 Rxd4 29. Nxd4 Qf6 30. Nf3 Rf8 31. Qd5+ Kh8 32. Rxe5 Qf4 33. h3 Qc1 34.
Re2 a6 35. Qf7 Qc8 36. Qe7 Qa8 37. Kg3 Qxf3+ 38. Kh2 Qf4+ 39. Kg2 Qf3+ 40. Kg1
Qf1+ 41. Kh2 Qf4+ 42. Kg2 1/2-1/2

[Event "Kieler Open 2016-A"]
[Site "Kiel"]
[Date "2016.08.02"]
[Round "6.31"]
[White "Rosmait, Emily"]
[Black "Parvanyan, Alfred"]
[Result "0-1"]
[WhiteElo "1920"]
[BlackElo "1943"]
[PlyCount "52"]

1. e4 d6 2. d4 Nf6 3. Nc3 g6 4. f4 Bg7 5. Nf3 O-O 6. Be2 c5 7. O-O Na6 8. d5
Nc7 9. h3 b5 10. Qd3 b4 11. Nd1 Ba6 12. Qe3 Bxe2 13. Qxe2 e6 14. dxe6 fxe6 15.
Nf2 Nh5 16. Qc4 Nxf4 17. e5 d5 18. Qxc5 Ne2+ 19. Kh2 Rxf3 20. gxf3 Bxe5+ 21. f4
Bd6 22. Qc6 Nxc1 23. Raxc1 Bxf4+ 24. Kh1 Qh4 25. Rg1 Qxf2 26. Rg2 Qf3 0-1

[Event "Kieler Open 2016-A"]
[Site "Kiel"]
[Date "2016.08.02"]
[Round "6.32"]
[White "Karlisch, Moritz"]
[Black "Topalov, Mihail"]
[Result "0-1"]
[WhiteElo "1823"]
[BlackElo "1927"]
[PlyCount "74"]

1. d4 Nf6 2. c4 g6 3. Nc3 d5 4. Nf3 Bg7 5. Qb3 dxc4 6. Qxc4 a6 7. e4 b5 8. Qb3
Bb7 9. e5 Nd5 10. Be2 O-O 11. a4 Nxc3 12. bxc3 Bd5 13. c4 bxc4 14. Qc3 Nc6 15.
Be3 e6 16. Bxc4 Bxf3 17. gxf3 Ne7 18. O-O Nf5 19. Rfd1 Qh4 20. Kf1 Qxh2 21. Ke2
Rfd8 22. Bd3 Nxe3 23. Kxe3 Qh6+ 24. f4 Qh4 25. Qxc7 Bh6 26. Qc6 Qxf4+ 27. Ke2
Qxd4 28. Bxa6 Qxe5+ 29. Kf1 Rdb8 30. Rab1 Bf8 31. Bb7 Ra5 32. Rb5 Rxb5 33. axb5
Qh5 34. Rc1 Rd8 35. Ba6 Rd5 36. b6 Qh3+ 37. Ke1 Bb4+ 0-1

[Event "Kieler Open 2016-A"]
[Site "Kiel"]
[Date "2016.08.02"]
[Round "6.33"]
[White "Thieme, Daniel Otis"]
[Black "Frost, Peter"]
[Result "1/2-1/2"]
[WhiteElo "1878"]
[BlackElo "1907"]
[PlyCount "74"]

1. e4 c5 2. Nf3 e6 3. b3 Nc6 4. Bb2 d6 5. c3 Nf6 6. Bd3 Qc7 7. Qe2 d5 8. e5 Nd7
9. Bb5 a6 10. Bxc6 Qxc6 11. O-O Be7 12. d4 b6 13. Nbd2 O-O 14. c4 dxc4 15. Nxc4
Bb7 16. Rac1 Qe4 17. Qxe4 Bxe4 18. Ncd2 Bd5 19. Rfe1 Rac8 20. Ba3 Rfe8 21. Rc3
Kf8 22. Rec1 Bb7 23. Bb2 Red8 24. Kf1 Ke8 25. R3c2 b5 26. Ke2 h6 27. g3 Rc7 28.
Ne1 Rdc8 29. Nd3 Kd8 30. Ba3 b4 31. Bb2 cxd4 32. Rxc7 Rxc7 33. Rxc7 Kxc7 34.
Bxd4 Bc6 35. Nc4 g6 36. Ke3 Bb5 37. Ndb2 h5 1/2-1/2

[Event "Kieler Open 2016-A"]
[Site "Kiel"]
[Date "2016.08.02"]
[Round "6.34"]
[White "Hagenlüke, Thomas"]
[Black "Saß, Patrick"]
[Result "0-1"]
[WhiteElo "2010"]
[BlackElo "1841"]
[PlyCount "68"]

1. d4 Nf6 2. c4 c5 3. d5 b5 4. cxb5 a6 5. bxa6 g6 6. Nc3 Bxa6 7. Nf3 Bg7 8. g3
O-O 9. Bg2 d6 10. O-O Nbd7 11. Rb1 Qb6 12. b3 Rfb8 13. Qc2 Ng4 14. Bd2 Nge5 15.
Nxe5 Bxe5 16. f4 Bg7 17. Kh1 Nf6 18. h3 Ne8 19. g4 Nc7 20. Rfe1 Nb5 21. Nxb5
Qxb5 22. a4 Qd7 23. e4 Bd4 24. Be3 Bxe3 25. Rxe3 Rb4 26. Bf1 Qb7 27. Bxa6 Rxa6
28. Rc1 Rab6 29. Rce1 Rxb3 30. Rxb3 Rxb3 31. Qg2 Ra3 32. e5 Rxa4 33. exd6 exd6
34. Re8+ Kg7 0-1

[Event "Kieler Open 2016-A"]
[Site "Kiel"]
[Date "2016.08.02"]
[Round "6.35"]
[White "Keyser, Robin"]
[Black "Riha, Peter"]
[Result "0-1"]
[WhiteElo "1925"]
[BlackElo "1743"]
[PlyCount "120"]

1. Nf3 d5 2. d4 Nf6 3. c4 c6 4. e3 Bg4 5. h3 Bxf3 6. Qxf3 e6 7. Nc3 Be7 8. Bd3
Nbd7 9. O-O O-O 10. Rd1 Qb6 11. e4 dxe4 12. Nxe4 Rfd8 13. Be3 Qa5 14. Bd2 Qb6
15. Bc3 Nxe4 16. Qxe4 Nf8 17. Rab1 Bf6 18. Qf4 Rd7 19. Qd2 Qd8 20. Qe3 Bg5 21.
Qf3 Bf6 22. Be4 Bxd4 23. Bxd4 Rxd4 24. Rxd4 Qxd4 25. Qd3 Qxd3 26. Bxd3 Rd8 27.
Rd1 Ng6 28. Be2 Rxd1+ 29. Bxd1 c5 30. g3 Ne5 31. Be2 b6 32. a3 a5 33. Kf1 Kf8
34. Ke1 Ke7 35. Kd2 Kd6 36. Kc3 Nc6 37. f4 f6 38. Bf3 e5 39. Bxc6 Kxc6 40. fxe5
fxe5 41. Kd3 Kd6 42. a4 h5 43. Ke4 Ke6 44. g4 hxg4 45. hxg4 Kf6 46. Kd5 Kg5 47.
Kxe5 Kxg4 48. Kd5 g5 49. Kc6 Kf3 50. Kxb6 g4 51. Kxc5 g3 52. Kb5 g2 53. Kxa5
g1=Q 54. b4 Qa7+ 55. Kb5 Qb7+ 56. Kc5 Ke4 57. b5 Qc7+ 58. Kb4 Kd4 59. c5 Qxc5+
60. Ka5 Kc3 0-1